Statistics for Fifa 22 Gold Premier League Players

Click here to take the quiz!

General Stats

  • This quiz has been taken 215 times
  • The average score is 172 of 334

Answer Stats

RatingClubNationPlayer% Correct
91Manchester UnitedPortugalCristiano Ronaldo
100%
91Manchester CityBelgiumKevin De Bruyne
100%
89Manchester CityBrazilEderson
99%
90Tottenham HotspurEnglandHarry Kane
99%
89Tottenham HotspurSouth KoreaHeung-Min Son
99%
79WolvesPortugalJose Sa
99%
88Manchester CityEnglandRaheem Sterling
99%
89LiverpoolBrazilAlisson
98%
88Manchester UnitedPortugalBruno Fernandes
98%
80Tottenham HotspurEnglandDele Alli
98%
87Tottenham HotspurFranceHugo Lloris
98%
89LiverpoolEgyptMohamed Salah
98%
90ChelseaFranceN'Golo Kante
98%
87Manchester UnitedFrancePaul Pogba
98%
89LiverpoolSenegalSadio Mane
98%
89LiverpoolNetherlandsVirgil Van Dijk
98%
86Leicester CityEnglandJamie Vardy
97%
86Manchester CityAlgeriaRiyad Mahrez
97%
88ChelseaBelgiumRomelu Lukaku
97%
87Manchester CityPortugalRuben Dias
97%
87LiverpoolEnglandTrent Alexander-Arnold
97%
86Manchester CityPortugalBernardo Silva
95%
75BurnleyWalesConnor Roberts
95%
85ChelseaBrazilThiago Silva
95%
87LiverpoolScotlandAndrew Robertson
94%
86Manchester CityPortugalJoao Cancelo
94%
85ArsenalGabonPierre-Emerick Aubameyang
94%
85LiverpoolBrazilRoberto Firmino
94%
85Manchester UnitedUruguayEdinson Cavani
93%
86LiverpoolBrazilFabinho
93%
85ChelseaItalyJorginho
93%
85Manchester UnitedEnglandMarcus Rashford
93%
86LiverpoolSpainThiago Alcantara
93%
87Manchester UnitedEnglandJadon Sancho
92%
84LiverpoolEnglandJordan Henderson
92%
86Manchester UnitedFranceRaphael Varane
92%
85Leicester CityNigeriaWilfred Ndidi
92%
80Manchester UnitedEnglandDean Henderson
91%
86Manchester CitySpainRodri
91%
84ChelseaGermanyTimo Werner
91%
85Manchester CityEnglandKyle Walker
90%
84Manchester UnitedEnglandLuke Shaw
90%
84Manchester UnitedEnglandHarry Maguire
89%
84ChelseaGermanyKai Havertz
89%
85Leicester CityDenmarkKasper Schmeichel
89%
79Manchester CityFranceBenjamin Mendy
87%
82ChelseaUnited StatesChristian Pulisic
87%
83ChelseaSenegalEdouard Mendy
87%
85Manchester CityGermanyIlkay Gundogan
87%
83Manchester CityEnglandJohn Stones
87%
75Leicester CitySenegalNampalys Mendy
87%
84Leicester CityBelgiumYouri Tielemans
87%
84Manchester UnitedSpainDavid De Gea
86%
84ChelseaMoroccoHakim Ziyech
86%
83LiverpoolCameroonJoel Matip
86%
83ChelseaEnglandMason Mount
86%
83ChelseaGermanyAntonio Rudiger
85%
82LiverpoolPortugalDiogo Jota
85%
84Manchester CityEnglandJack Grealish
85%
86Manchester CitySpainAymeric Laporte
84%
84Aston VillaArgentinaEmiliano Martinez
84%
79Manchester UnitedIvory CoastEric Bailly
84%
81EvertonColombiaJames Rodriguez
84%
83ArsenalGhanaThomas Partey
84%
84Manchester CityEnglandPhil Foden
83%
83WolvesMexicoRaul Jimenez
83%
83Manchester UnitedEnglandAaron Wan-Bissaka
82%
83ArsenalGermanyBernd Leno
82%
83Manchester CityBrazilGabriel Jesus
82%
82EvertonBrazilRicharlison
82%
82Crystal PalaceIvory CoastWilfried Zaha
82%
83ChelseaSpainCesar Azpilicueta
80%
77Leeds UnitedWalesDaniel James
79%
82ArsenalNorwayMartin Odegaard
79%
83ChelseaCroatiaMateo Kovacic
79%
82ChelseaEnglandBen Chilwell
78%
83Manchester CityBrazilFernandinho
78%
83EvertonEnglandJordan Pickford
78%
82LiverpoolEnglandJoe Gomez
77%
84EvertonFranceLucas Digne
77%
83EvertonBrazilAllan
76%
81Manchester UnitedBrazilFred
76%
82Leicester CityEnglandJames Maddison
76%
84Leicester CityPortugalRicardo Pereira
76%
82West Ham UnitedCzech RepublicTomas Soucek
76%
82Aston VillaJamaicaLeon Bailey
75%
83BurnleyEnglandNick Pope
75%
82Tottenham HotspurFranceTanguy Ndombele
75%
82ArsenalFranceAlexandre Lacazette
74%
82West Ham UnitedEnglandDeclan Rice
74%
81Manchester UnitedNetherlandsDonny Van De Beek
72%
82West Ham UnitedPolandLukasz Fabianski
72%
83Tottenham HotspurDenmarkPierre-Emile Hojbjerg
72%
82Leeds UnitedBrazilRaphinha
72%
80Manchester UnitedScotlandScott McTominay
72%
82Manchester CitySpainFerran Torres
71%
80Manchester CityUkraineOleksandr Zinchenko
71%
82WolvesPortugalRuben Neves
71%
82Manchester UnitedBrazilAlex Telles
70%
81Tottenham HotspurBrazilLucas Moura
70%
82Tottenham HotspurArgentinaCristian Romero
69%
81EvertonEnglandDominic Calvert-Lewin
69%
79ChelseaSpainMarcos Alonso
69%
80Manchester UnitedSwedenVictor Lindelof
69%
80ArsenalEnglandBukayo Saka
68%
80WolvesPortugalJoao Moutinho
68%
81Aston VillaEnglandDanny Ings
67%
80LiverpoolGuineaNaby Keita
67%
81Manchester UnitedFranceAnthony Martial
66%
75BurnleyEnglandAshley Barnes
66%
81Leicester CityEnglandHarvey Barnes
66%
79BurnleyNew ZealandChris Wood
64%
79ArsenalSwitzerlandGranit Xhaka
64%
80ArsenalScotlandKieran Tierney
64%
81Newcastle UnitedSlovakiaMartin Dubravka
63%
79West Ham UnitedEnglandMichail Antonio
63%
79Manchester UnitedSerbiaNemanja Matic
63%
81ArsenalIvory CoastNicolas Pepe
63%
79EvertonColombiaYerry Mina
63%
80Leicester CityTurkeyCaglar Soyuncu
62%
80ChelseaDenmarkAndreas Christensen
61%
81Tottenham HotspurArgentinaGiovani Lo Celso
61%
81SouthamptonEnglandJames Ward-Prowse
61%
80Leicester CityNorthern IrelandJonny Evans
61%
78Manchester UnitedSpainJuan Mata
61%
79ChelseaSpainKepa Arrizabalaga
61%
79Newcastle UnitedFranceAllan Saint-Maximin
59%
79Tottenham HotspurColombiaDavinson Sanchez
59%
79Tottenham HotspurEnglandEric Dier
59%
81West Ham UnitedFranceKurt Zouma
59%
78Manchester UnitedEnglandMason Greenwood
59%
76Brighton & Hove AlbionSpainRobert Sanchez
59%
82West Ham UnitedFranceAlphonse Areola
57%
82ChelseaSpainSaul Niguez
57%
78WolvesSpainAdama Traore
56%
81BurnleyEnglandJames Tarkowski
56%
77Aston VillaBurkina FasoBertrand Traore
55%
81Leeds UnitedEnglandKalvin Phillips
55%
76ArsenalEnglandEmile Smith Rowe
54%
76ArsenalEnglandBen White
53%
79WolvesEnglandConor Coady
53%
76LiverpoolBelgiumDivock Origi
53%
79EvertonIcelandGylfi Sigurdsson
53%
78Tottenham HotspurIrelandMatt Doherty
53%
78Leeds UnitedEnglandPatrick Bamford
53%
80West Ham UnitedCzech RepublicVladimir Coufal
53%
79LiverpoolEnglandAlex Oxlade-Chamberlain
52%
80West Ham UnitedItalyAngelo Ogbonna
52%
79ArsenalBrazilGabriel Magalhaes
52%
78WatfordSenegalIsmaila Sarr
52%
80EvertonEnglandMichael Keane
52%
78Manchester CityNetherlandsNathan Ake
52%
81Tottenham HotspurSpainSergio Reguilon
52%
82Tottenham HotspurItalyPierluigi Gollini
51%
79Leeds UnitedSpainRodrigo
51%
78Aston VillaEnglandTyrone Mings
51%
77Manchester CityUnited StatesZack Steffen
51%
79BurnleyEnglandBen Mee
49%
79Tottenham HotspurBrazilEmerson Royal
49%
79Aston VillaArgentinaEmiliano Buendia
49%
79LiverpoolEnglandJames Milner
49%
76Manchester UnitedPortugalDiogo Dalot
48%
78LiverpoolFranceIbrahima Konate
48%
81Brighton & Hove AlbionSpainMarc Cucurella
48%
77Leicester CityZambiaPatson Daka
48%
78WolvesPortugalDaniel Podence
47%
78Aston VillaEnglandOllie Watkins
47%
79West Ham UnitedSpainPablo Fornals
47%
78EvertonIrelandSeamus Coleman
47%
80Crystal PalaceSpainVicente Guaita
47%
78WolvesMoroccoRomain Saiss
46%
76Norwich CityFinlandTeemu Pukki
46%
79EvertonFranceAbdoulaye Doucoure
45%
77West Ham UnitedFranceIssa Diop
45%
78West Ham UnitedEnglandJarrod Bowen
45%
75LiverpoolJapanTakumi Minamino
45%
79WolvesIvory CoastWilly Boly
45%
79Newcastle UnitedEnglandCallum Wilson
44%
79Manchester UnitedEnglandJesse Lingard
44%
78Aston VillaScotlandJohn McGinn
44%
77West Ham UnitedArgentinaManuel Lanzini
44%
78Aston VillaEnglandMatty Cash
44%
79Brighton & Hove AlbionMaliYves Bissouma
44%
79West Ham UnitedEnglandAaron Cresswell
43%
77ChelseaEnglandCallum Hudson-Odoi
43%
78Aston VillaEnglandEzri Konsa
43%
78Brighton & Hove AlbionEnglandLewis Dunk
43%
77Newcastle UnitedParaguayMiguel Almiron
43%
77ArsenalEgyptMohamed Elneny
43%
78WatfordFranceMoussa Sissoko
43%
80West Ham UnitedCroatiaNikola Vlasic
43%
80Tottenham HotspurNetherlandsSteven Bergwijn
43%
79Leicester CityBelgiumTimothy Castagne
43%
77EvertonPortugalAndre Gomes
41%
78Leicester CityDenmarkJannik Vestergaard
41%
80WolvesSpainJonny
41%
80WolvesPortugalNelson Semedo
41%
78WolvesPortugalPedro Neto
41%
77West Ham UnitedAlgeriaSaid Benrahma
41%
78Leicester CitySpainAyoze Perez
40%
77Aston VillaBrazilDouglas Luiz
40%
78Leicester CityNigeriaKelechi Iheanacho
40%
77Brighton & Hove AlbionBelgiumLeandro Trossard
40%
77Brighton & Hove AlbionFranceNeal Maupay
40%
77Leeds UnitedFranceIllan Meslier
39%
75ArsenalJapanTakehiro Tomiyasu
39%
78Leicester CityFranceWesley Fofana
39%
76SouthamptonScotlandChe Adams
38%
75SouthamptonEnglandFraser Forster
38%
76ArsenalBrazilGabriel Martinelli
38%
76Brighton & Hove AlbionGermanyPascal Gross
38%
75ChelseaEnglandRuben Loftus-Cheek
38%
77Tottenham HotspurEnglandHarry Winks
37%
78WatfordEnglandBen Foster
36%
78Crystal PalaceSenegalCheikhou Kouyate
36%
76Newcastle UnitedSwitzerlandFabian Schar
36%
78ChelseaEnglandRoss Barkley
36%
77EvertonNigeriaAlex Iwobi
34%
75Crystal PalaceBelgiumChristian Benteke
34%
78SouthamptonSpainOriol Romeu
34%
77EvertonVenezuelaSalomon Rondon
34%
77Leeds UnitedSpainDiego Llorente
33%
78Leeds UnitedEnglandJack Harrison
33%
75West Ham UnitedEnglandMark Noble
33%
77EvertonEnglandMason Holgate
33%
76Leicester CityEnglandMarc Albrighton
32%
77ArsenalEnglandRob Holding
32%
77Leeds UnitedGermanyRobin Koch
32%
75ArsenalEnglandCalum Chambers
31%
75WatfordNorwayJoshua King
31%
77WolvesBelgiumLeander Dendoncker
31%
77Norwich CityKosovoMilot Rashica
31%
76SouthamptonEnglandAdam Armstrong
30%
76West Ham UnitedUkraineAndriy Yarmolenko
30%
75Brighton & Hove AlbionEnglandDan Burn
30%
77BurnleyEnglandDwight McNeil
30%
75WolvesSouth KoreaHwang Hee-Chan
30%
77Aston VillaEnglandMatt Targett
30%
77SouthamptonScotlandStuart Armstrong
30%
76ArsenalPortugalCedric Soares
29%
75Newcastle UnitedEnglandJonjo Shelvey
29%
75ArsenalBosnia-HerzegovinaSead Kolasinac
29%
75Leeds UnitedNorthern IrelandStuart Dallas
29%
77West Ham UnitedDR CongoArthur Masuaku
28%
76BrentfordEnglandIvan Toney
28%
75LiverpoolGermanyLoris Karius
28%
76ArsenalSpainPablo Mari
28%
77Norwich CityNetherlandsTim Krul
28%
78BurnleyEnglandAshley Westwood
26%
76EvertonBosnia-HerzegovinaAsmir Begovic
26%
77EvertonEnglandBen Godfrey
26%
77West Ham UnitedEnglandCraig Dawson
26%
75Newcastle UnitedArgentinaFederico Fernandez
26%
76WolvesPortugalFrancisco Trincao
26%
77Newcastle UnitedEnglandJamaal Lascelles
26%
76SouthamptonPolandJan Bednarek
26%
77SouthamptonEnglandKyle Walker-Peters
26%
76Leeds UnitedEnglandLuke Ayling
26%
75Aston VillaEgyptTrezeguet
26%
77EvertonIvory CoastJean-Philippe Gbamin
25%
75BurnleyIcelandJohann Gudmundsson
25%
75Leeds UnitedScotlandLiam Cooper
25%
76Aston VillaNetherlandsAnwar El Ghazi
24%
77Crystal PalaceEnglandEberechi Eze
24%
77Leicester CityEnglandJames Justin
24%
75Crystal PalaceScotlandJames McArthur
24%
77Crystal PalaceDenmarkJoachim Andersen
24%
76Crystal PalaceSerbiaLuka Milivojevic
24%
75BurnleyIvory CoastMaxwel Cornet
24%
75Brighton & Hove AlbionEnglandAdam Lallana
23%
78Aston VillaEnglandAshley Young
23%
78Leicester CityFranceBoubakary Soumare
23%
76Tottenham HotspurSpainBryan Gil
23%
75Brighton & Hove AlbionZambiaEnock Mwepu
23%
75WatfordColombiaJuan Camilo Hernandez
23%
77WatfordSlovakiaJuraj Kucka
23%
75Aston VillaZimbabweMarvelous Nakamba
23%
75Norwich CityEnglandMax Aarons
23%
75Tottenham HotspurEnglandOliver Skipp
23%
75Brighton & Hove AlbionEnglandSolly March
23%
75EvertonEnglandDemarai Gray
22%
75Crystal PalaceEnglandJames Tomkins
22%
75Crystal PalaceGhanaJordan Ayew
22%
78Leeds UnitedSpainJunior Firpo
22%
75Norwich CityEnglandBrandon Williams
21%
76BurnleyEnglandCharlie Taylor
21%
75WolvesBrazilFernando Marcal
21%
76Newcastle UnitedEnglandIsaac Hayden
21%
76BurnleyEnglandJack Cork
21%
75Aston VillaEnglandKortney Hause
21%
76Manchester UnitedEnglandTom Heaton
21%
75Brighton & Hove AlbionEnglandAdam Webster
20%
75West Ham UnitedCzech RepublicAlex Kral
20%
75EvertonEnglandFabian Delph
20%
75Crystal PalaceGhanaJeffrey Schlupp
20%
77Leicester CityEnglandAdemola Lookman
18%
75Brighton & Hove AlbionArgentinaAlexis Mac Allister
18%
77EvertonEnglandAndros Townsend
18%
75Crystal PalaceFranceJean-Philippe Mateta
18%
77Brighton & Hove AlbionNetherlandsJoel Veltman
18%
76BurnleyEnglandMatthew Lowton
18%
76SouthamptonEnglandTheo Walcott
18%
75SouthamptonEnglandAlex McCarthy
17%
75West Ham UnitedIrelandDarren Randolph
17%
75Newcastle UnitedEnglandJoe Willock
17%
75BrentfordNorwayKristoffer Ajer
17%
75Crystal PalaceEnglandNathaniel Clyne
17%
75Crystal PalaceFranceOdsonne Edouard
17%
76Leicester CityEnglandRyan Bertrand
17%
76West Ham UnitedEnglandRyan Fredericks
17%
76BurnleyEnglandJosh Brownhill
16%
76SouthamptonGhanaMohammed Salisu
16%
76SouthamptonEnglandNathan Redmond
16%
75Norwich CityEnglandTodd Cantwell
16%
75WatfordBelgiumChristian Kabasele
15%
75Newcastle UnitedIrelandCiaran Clark
15%
75Norwich CityScotlandGrant Hanley
15%
75Crystal PalaceNetherlandsJairo Riedewald
15%
76Crystal PalaceEnglandWill Hughes
15%
76Newcastle UnitedEnglandKarl Darlow
14%
75SouthamptonNorwayMohamed Elyounoussi
14%
76Aston VillaFranceMorgan Sanson
14%
76Norwich CityTurkeyOzan Kabak
14%
77SouthamptonFranceRomain Perraud
14%
75ArsenalEnglandAinsley Maitland-Niles
13%
75Newcastle UnitedScotlandRyan Fraser
13%
75BrentfordNigeriaFrank Onyeka
11%
75WatfordSpainKiko Femenia
11%
75BrentfordDR CongoYoane Wissa
11%
76Norwich CityNorwayMathias Normann
10%
76Norwich CityFrancePierre Lees-Melou
10%
75BrentfordSwedenPontus Jansson
10%
75WatfordFranceImran Louza
9%
76WatfordTurkeyOzan Tufan
8%

Score Distribution

Percentile by Number Answered

Percent of People with Each Score

Your Score History

You have not taken this quiz